Pacto Andino, carácter y perspectivas /

Zapisane w:
Opis bibliograficzny
1. autor: Tironi, Ernesto
Korporacja: Instituto de Estudios Peruanos
Kolejni autorzy: comp Aninat, Augusto Avila Orejuela, Marcelo Ffrench Davis, Ricardo Figueroa, Adolfo Salgado, Germánico Schydlowsky, Daniel M.
Format: Texto
Wydane: Lima: Talleres de Industrial Gráfica
Etykiety: Dodaj etykietę
Nie ma etykietki, Dołącz pierwszą etykiete!

MARC

LEADER 00000 a a2200000 04500
001 22237
003
040
090 |a 150400  
100 |a Tironi, Ernesto  
110 |a Instituto de Estudios Peruanos  
245 |a Pacto Andino, carácter y perspectivas /  |c Ernesto Tironi 
260 |a Lima:   |b Talleres de Industrial Gráfica  
300 |a 389 p   |b **no definido**  
700 |a comp   |a Aninat, Augusto   |a Avila Orejuela, Marcelo   |a Ffrench Davis, Ricardo   |a Figueroa, Adolfo   |a Salgado, Germánico   |a Schydlowsky, Daniel M.  
999 |c 13888  |d 13888